Science Quiz

Random Science Quiz

Cetacean-Scientific Name Match-Up Quiz Stats

 Plays Quiz not verified by Sporcle

Also try: Clicking Decimals
Challenge
Share
Tweet
Score 0/93 Timer 20:00
0 Plays Today
% Correct
Killer Whale/Orca
79.4%
Dall's Porpoise
78.5%
Commerson's Dolphin
78.1%
Omura's Whale
75.5%
Clymene Dolphin
73.4%
Atlantic White-Sided Dolphin
67.8%
Bryde's Whale
67.4%
Pacific White-Sided Dolphin
66.5%
Heaviside's Dolphin
66.1%
Long-Finned Pilot Whale
66.1%
Narwhal
65.7%
Harbor Porpoise
65.7%
Vaquita
65.7%
Indo-Pacific Bottlenose Dolphin
65.2%
Risso's Dolphin
64.8%
Common Bottlenose Dolphin
64.8%
Dusky Dolphin
64.4%
Eden's Whale
63.5%
Hector's Dolphin
63.5%
Cuvier's Beaked Whale
63.1%
Baiji
63.1%
Short-Finned Pilot Whale
62.2%
Ginkgo-Toothed Beaked Whale
62.2%
Gray Whale
61.8%
Gray's Beaked Whale
61.4%
Short-Beaked Common Dolphin
60.9%
Beluga
60.9%
Dwarf Sperm Whale
58.8%
Sperm Whale
58.4%
Shepherd's Beaked Whale
57.9%
Bowhead Whale
57.5%
% Correct
Hubbs' Beaked Whale
57.5%
Amazon River Dolphin
57.5%
True's Beaked Whale
56.2%
Stejneger's Beaked Whale
56.2%
Chilean Dolphin
55.8%
Hector's Beaked Whale
55.8%
Bolivian River Dolphin
55.8%
Long-Beaked Common Dolphin
55.4%
Rough-Toothed Dolphin
54.9%
Baird's Beaked Whale
54.1%
Perrin's Beaked Whale
54.1%
Burmeister's Porpoise
54.1%
Blue Whale
53.2%
Fin Whale
52.4%
Spinner Dolphin
51.9%
Arnoux's Beaked Whale
51.5%
Southern Right Whale
50.6%
Longman's Beaked Whale
50.6%
Humpback Whale
49.8%
Spectacled Porpoise
49.8%
Pygmy Sperm Whale
48.5%
Araguaian River Dolphin
48.5%
Pygmy Killer Whale
47.2%
Common Minke Whale
46.8%
North Pacific Right Whale
46.4%
Pygmy Beaked Whale
46.4%
Hourglass Dolphin
45.9%
Southern Bottlenose Whale
45.9%
Ganges River Dolphin
45.5%
North Atlantic Right Whale
45.1%
Southern Right Whale Dolphin
44.6%
% Correct
Northern Bottlenose Whale
43.8%
Sei Whale
42.5%
Northern Right Whale Dolphin
42.5%
False Killer Whale
41.2%
Andrews' Beaked Whale
41.2%
Pantropical Spotted Dolphin
40.3%
Indo-Pacific Finless Porpoise
40.3%
Irrawaddy Dolphin
39.9%
Australian Snubfin Dolphin
39.9%
Gervais' Beaked Whale
39.9%
Narrow-Ridged Finless Porpoise
39.9%
Striped Dolphin
39.5%
Peale's Dolphin
39.1%
Guiana Dolphin/Costero
39.1%
Pygmy Right Whale
38.6%
Indian Humpback Dolphin
38.6%
White-Beaked Dolphin
38.2%
Tucuxi
38.2%
Deraniyagala's Beaked Whale
38.2%
Atlantic Spotted Dolphin
36.5%
Indo-Pacific Humpback Dolphin
35.2%
Antarctic Minke Whale
34.8%
Australian Humpback Dolphin
34.3%
Fraser's Dolphin
33.5%
Atlantic Humpback Dolphin
33.5%
Strap-Toothed Whale
32.6%
Spade-Toothed Beaked Whale
32.2%
Sowerby's Beaked Whale
27%
Melon-Headed Whale
25.3%
Blainville's Beaked Whale
25.3%
Franciscana
21%

You're not logged in!

Compare scores with friends on all Sporcle quizzes.
Join for Free
OR
Log In

You Might Also Like...

Show Comments

Extras

Created Dec 13, 2015ReportNominate
Tags:cetacea, dolphin, name, porpoise, whale

Top Quizzes Today


Score Distribution

Your Account Isn't Verified!

In order to create a playlist on Sporcle, you need to verify the email address you used during registration. Go to your Sporcle Settings to finish the process.

Report this User

Report this user for behavior that violates our Community Guidelines.

Details: